Дистанционное обучение по программам профессиональной переподготовки специалистов; Уровневая подготовка специалистов: государственные и международные стандарты инженерного образования

Bibliografiske detaljer
Parent link:Уровневая подготовка специалистов: государственные и международные стандарты инженерного образования.— 2013.— [С. 114-116]
Corporate Authors: Национальный исследовательский Томский политехнический университет (ТПУ) Институт природных ресурсов (ИПР) Кафедра физической и аналитической химии (ФАХ), Национальный исследовательский Томский политехнический университет (ТПУ) Институт развития стратегического партнерства и компетенций (ИСПК) Центр дополнительного профессионального образования (ЦДПО ИДНО)
Andre forfattere: Пикула Н. П. Нина Павловна, Бакибаев А. А. Абдигали Абдиманапович, Тартынова М. И. Марина Игоревна, Щурова Е. В. Елена Владимировна
Summary:Заглавие с экрана
Разработаны и реализуются модульно-дистанционные программы профессиональной переподготовки специалистов по направлениям "Стандартизация и метрология" и "Метрология, стандартизация и сертификация", прохождение которых позволяет на современном уровне требований осуществлять профессиональную деятельность в области обеспечения единства измерений, метрологического обеспечения лабораторий и производств, контроля качества продукции, разработки нормативных документов
Sprog:russisk
Udgivet: 2013
Serier:Образовательные ресурсы технического университета
Fag:
Online adgang:http://www.lib.tpu.ru/fulltext/c/2013/C09/064.pdf
Format: MixedMaterials Electronisk Book Chapter
KOHA link:https://koha.lib.tpu.ru/cgi-bin/koha/opac-detail.pl?biblionumber=241464

MARC

LEADER 00000naa2a2200000 4500
001 241464
005 20251217105431.0
035 |a (RuTPU)RU\TPU\book\262738 
035 |a RU\TPU\book\262737 
090 |a 241464 
100 |a 20130718d2013 k y0rusy50 ca 
101 0 |a rus 
102 |a RU 
135 |a arnn ---uucaa 
181 0 |a i  
182 0 |a b 
200 1 |a Дистанционное обучение по программам профессиональной переподготовки специалистов  |f Н. П. Пикула [и др.] 
203 |a Текст  |c электронный 
225 1 |a Образовательные ресурсы технического университета 
300 |a Заглавие с экрана 
330 |a Разработаны и реализуются модульно-дистанционные программы профессиональной переподготовки специалистов по направлениям "Стандартизация и метрология" и "Метрология, стандартизация и сертификация", прохождение которых позволяет на современном уровне требований осуществлять профессиональную деятельность в области обеспечения единства измерений, метрологического обеспечения лабораторий и производств, контроля качества продукции, разработки нормативных документов 
337 |a Adobe Reader 
463 1 |0 (RuTPU)RU\TPU\book\262130  |t Уровневая подготовка специалистов: государственные и международные стандарты инженерного образования  |o сборник трудов научно-методической конференции, 26-30 марта 2013 г., Томск  |f Национальный исследовательский Томский политехнический университет (ТПУ) ; ред. кол. А. И. Чучалин [и др.]  |v [С. 114-116]  |d 2013 
610 1 |a труды учёных ТПУ 
610 1 |a электронный ресурс 
610 1 |a дистанционное обучение 
610 1 |a профессиональная переподготовка 
610 1 |a специалисты 
610 1 |a программы 
610 1 |a стандартизация 
610 1 |a метрология 
610 1 |a сертификация 
610 1 |a метрологическое обеспечение 
701 1 |a Пикула  |b Н. П.  |c химик  |c доцент Томского политехнического университета, кандидат химических наук  |f 1949-  |g Нина Павловна  |3 (RuTPU)RU\TPU\pers\25622  |9 11551 
701 1 |a Бакибаев  |b А. А.  |c химик  |c профессор Томского политехнического университета, доктор химических наук  |f 1960-  |g Абдигали Абдиманапович  |3 (RuTPU)RU\TPU\pers\27073 
701 1 |a Тартынова  |b М. И.  |c российский химик  |c доцент Томского политехнического университета, кандидат химических наук  |f 1969-  |g Марина Игоревна  |3 (RuTPU)RU\TPU\pers\27799 
701 1 |a Щурова  |b Е. В.  |c специалист в области дополнительного профессионального образования  |c инженер-программист Томского политехнического университета  |g Елена Владимировна  |3 (RuTPU)RU\TPU\pers\26756 
712 0 2 |a Национальный исследовательский Томский политехнический университет (ТПУ)  |b Институт природных ресурсов (ИПР)  |b Кафедра физической и аналитической химии (ФАХ)  |3 (RuTPU)RU\TPU\col\18656 
712 0 2 |a Национальный исследовательский Томский политехнический университет (ТПУ)  |b Институт развития стратегического партнерства и компетенций (ИСПК)  |b Центр дополнительного профессионального образования (ЦДПО ИДНО)  |3 (RuTPU)RU\TPU\col\18989 
801 2 |a RU  |b 63413507  |c 20161111  |g RCR 
856 4 |u http://www.lib.tpu.ru/fulltext/c/2013/C09/064.pdf 
942 |c CF